Demostración de una injusticia notoria ejecutada por el ministro de la primera Secretaría de Estado el Excmo. Sr. don Joaquín María Ferrer / (Record no. 162542)

MARC details
000 -LEADER
campo de control de longitud fija 01198nam a22002655i 4500
001 - NÚMERO DE CONTROL
campo de control 162542
003 - IDENTIFICADOR DE NÚMERO DE CONTROL
campo de control ES-MaACL
005 - FECHA Y HORA DE LA ÚLTIMA TRANSACCIÓN
campo de control 20230906212541.0
008 - DATOS DE LONGITUD FIJA--INFORMACIÓN GENERAL
campo de control de longitud fija 041118s1841 sp |||| | spa d
080 ## - NÚMERO DE LA CLASIFICACIÓN DECIMAL UNIVERSAL
Número de la Clasificación Decimal Universal 32 Presas, José
080 ## - NÚMERO DE LA CLASIFICACIÓN DECIMAL UNIVERSAL
Número de la Clasificación Decimal Universal 32 Ferrer, Joaquín María
080 ## - NÚMERO DE LA CLASIFICACIÓN DECIMAL UNIVERSAL
Número de la Clasificación Decimal Universal 32 Oliver, Pedro Pascual de
080 ## - NÚMERO DE LA CLASIFICACIÓN DECIMAL UNIVERSAL
Número de la Clasificación Decimal Universal 94(460)"1840/43"
100 1# - ENTRADA PRINCIPAL--NOMBRE DE PERSONA
Nombre de persona Presas, José.
9 (RLIN) 131352
245 10 - MENCIÓN DEL TÍTULO
Título Demostración de una injusticia notoria ejecutada por el ministro de la primera Secretaría de Estado el Excmo. Sr. don Joaquín María Ferrer /
Mención de responsabilidad, etc. publícala José Presas.
260 ## - PUBLICACIÓN, DISTRIBUCIÓN, ETC.
Lugar de publicación, distribución, etc. Madrid :
Nombre del editor, distribuidor, etc. [s.n.],
Fecha de publicación, distribución, etc. 1841 (
Fabricante Imp. de Sánchez, calle de Jardines)
300 ## - DESCRIPCIÓN FÍSICA
Extensión 23 p. ;
Dimensiones 20 cm.
530 ## - NOTA DISPONIBLE DE FORMULARIO FÍSICO ADICIONAL
Nota de formato físico adicional disponible Disponible en formato digital.
600 14 - PUNTO DE ACCESO ADICIONAL DE MATERIA--NOMBRE DE PERSONA
Nombre de persona Presas, José.
9 (RLIN) 131352
600 14 - PUNTO DE ACCESO ADICIONAL DE MATERIA--NOMBRE DE PERSONA
Nombre de persona Ferrer, Joaquín María.
9 (RLIN) 50423
600 14 - PUNTO DE ACCESO ADICIONAL DE MATERIA--NOMBRE DE PERSONA
Nombre de persona Oliver, Pedro Pascual de.
9 (RLIN) 150319
651 #4 - PUNTO DE ACCESO ADICIONAL DE MATERIA--NOMBRE GEOGRÁFICO
Nombre geográfico España-
Subdivisión general Historia-
Subdivisión cronológica 1840-1843, Regencia de Espartero.
9 (RLIN) 167869
852 4# - LOCALIZACIÓN
Ubicación ES-MaACL
Número de control de estantería T-12-F-6
Nota libre - Enc. hol., falto de cub. original
-- - Enc. en un vol. facticio
856 4# - LOCALIZACIÓN Y ACCESO ELECTRÓNICOS
Identificador Uniforme de Recursos <a href="http://bibliotecadigitalhispanica.bne.es:80/webclient/DeliveryManager?pid=3320511&custom_att_2=simple_viewer">http://bibliotecadigitalhispanica.bne.es:80/webclient/DeliveryManager?pid=3320511&custom_att_2=simple_viewer</a>
Nota pública Biblioteca Digital Hispánica
Holdings
Estatus retirado Estado de pérdida Estado de daño No para préstamo Colección Biblioteca de origen Biblioteca actual Ubicación en estantería Fecha de adquisición Total de préstamos Signatura topográfica completa Código de barras Visto por última vez Precio de reemplazo Tipo de ítem Koha
        Colección de folletos Biblioteca del Ateneo de Madrid Biblioteca del Ateneo de Madrid Depósito folletos 17/01/2008   T-12-F-6 1170283 23/02/2023 23/02/2023 Folleto